Ochrana dreva a kompozitov /

Guardado en:
Detalles Bibliográficos
Autor principal: Reinprecht, Ladislav (Autor)
Formato: Libro
Lenguaje:eslovaco
Publicado: Zvolen : Technická univerzita vo Zvolene, 1995
Etiquetas: Agregar Etiqueta
Sin Etiquetas, Sea el primero en etiquetar este registro!

MARC

LEADER 00000nam a22000003a 4500
001 stu23587
005 20150617225748.6
008 951115s1995----xo------------------slo-d
020 |a 80-228-0392-8 
040 |a STU  |b slo 
041 0 |a slo 
044 |a xo 
080 |a 634.0.4(075.8) 
100 1 |a Reinprecht, Ladislav  |4 aut 
245 1 |a Ochrana dreva a kompozitov /  |c [aut.]Reinprecht,Ladislav 
260 |a Zvolen :  |b Technická univerzita vo Zvolene,  |c 1995 
300 |a 198 s :  |b Obr.,tab.,grafy,lit.,index 
500 |a (Dočasná vysokoškolská učebnica) 
996 |b CS33564  |c C*S33564  |l CCVIIIA  |s P  |a 0  |w stu23587_0001